000 00439nam a2200181Ia 4500
001 17246
005 20260306170411.0
008 260306t2024||||xx |||||||||||||| ||und||
041 _aESP
082 _a657.61
_bE333N
100 _aEffio Pereda, Fernando,
_eAUT
245 0 _aNIIF - PCGE :
_b100 casos prácticos
260 _c2024
300 _a319 páginas :
_c25 cm.
650 _aGEN
654 _aCCO
942 _cLIB
_dJUS
_fJUS
_2ddc
_n
999 _c17246
_d17246